<?xml version="1.0" encoding="UTF-8"?>
<collection xmlns="http://www.loc.gov/MARC21/slim">
 <record>
  <leader>02274nas a22003615  4500</leader>
  <controlfield tag="001">1/50318</controlfield>
  <controlfield tag="008">020722c19829999gr qrzp       0   g0gre d</controlfield>
  <datafield tag="022" ind1=" " ind2=" ">
   <subfield code="a">1106-2142</subfield>
  </datafield>
  <datafield tag="035" ind1=" " ind2=" ">
   <subfield code="l">23939</subfield>
  </datafield>
  <datafield tag="040" ind1=" " ind2=" ">
   <subfield code="a">GR-PeUP</subfield>
  </datafield>
  <datafield tag="090" ind1=" " ind2=" ">
   <subfield code="a">Αλφαβητική σειρά</subfield>
  </datafield>
  <datafield tag="245" ind1="0" ind2="0">
   <subfield code="a">Θέσεις</subfield>
  </datafield>
  <datafield tag="260" ind1=" " ind2=" ">
   <subfield code="a">Αθήνα :</subfield>
   <subfield code="b">Ελληνικά Γράμματα,</subfield>
   <subfield code="c">[1982]-</subfield>
  </datafield>
  <datafield tag="300" ind1=" " ind2=" ">
   <subfield code="a">τ. ;</subfield>
   <subfield code="c">24 εκ.</subfield>
  </datafield>
  <datafield tag="310" ind1=" " ind2=" ">
   <subfield code="a">Τριμηνιαίο</subfield>
  </datafield>
  <datafield tag="362" ind1="0" ind2=" ">
   <subfield code="a">Τχ.66(Ιαν./Μαρτ. 1999)</subfield>
  </datafield>
  <datafield tag="362" ind1="0" ind2=" ">
   <subfield code="a">Τχ.74(Ιαν./Μαρτ. 2001)-τχ.85(Οκτ./Δεκ. 2003)</subfield>
  </datafield>
  <datafield tag="362" ind1="0" ind2=" ">
   <subfield code="a">Τχ.86(Ιαν./Μάρτ. 2004)-</subfield>
  </datafield>
  <datafield tag="546" ind1=" " ind2=" ">
   <subfield code="a">Ελληνική</subfield>
  </datafield>
  <datafield tag="650" ind1=" " ind2="4">
   <subfield code="a">Κοινωνικές τάξεις</subfield>
   <subfield code="v">Περιοδικά.</subfield>
  </datafield>
  <datafield tag="650" ind1=" " ind2="4">
   <subfield code="a">Πάλη των τάξεων</subfield>
   <subfield code="v">Περιοδικά.</subfield>
  </datafield>
  <datafield tag="852" ind1=" " ind2=" ">
   <subfield code="a">INST</subfield>
   <subfield code="b">UNIPILB</subfield>
   <subfield code="c">SERIALS</subfield>
   <subfield code="e">20050405</subfield>
   <subfield code="h">Αλφαβητική σειρά</subfield>
   <subfield code="p">42044</subfield>
   <subfield code="q">42044</subfield>
   <subfield code="t">NOLOAN</subfield>
   <subfield code="v">τεύχ.86:(Μήνες)Ιαν./Φεβ./Μάρ.;(Έτος)2004</subfield>
   <subfield code="y">23</subfield>
  </datafield>
  <datafield tag="852" ind1=" " ind2=" ">
   <subfield code="a">INST</subfield>
   <subfield code="b">UNIPILB</subfield>
   <subfield code="c">SERIALS</subfield>
   <subfield code="e">20050405</subfield>
   <subfield code="h">Αλφαβητική σειρά</subfield>
   <subfield code="p">42045</subfield>
   <subfield code="q">42045</subfield>
   <subfield code="t">NOLOAN</subfield>
   <subfield code="v">τεύχ.87:(Μήνες)Απρ./Μάιος/Ιούν.;(Έτος)2004</subfield>
   <subfield code="y">23</subfield>
  </datafield>
  <datafield tag="852" ind1=" " ind2=" ">
   <subfield code="a">INST</subfield>
   <subfield code="b">UNIPILB</subfield>
   <subfield code="c">SERIALS</subfield>
   <subfield code="e">20050405</subfield>
   <subfield code="h">Αλφαβητική σειρά</subfield>
   <subfield code="p">42046</subfield>
   <subfield code="q">42046</subfield>
   <subfield code="t">NOLOAN</subfield>
   <subfield code="v">τεύχ.88:(Μήνες)Ιούλ./Αύγ./Σεπ.;(Έτος)2004</subfield>
   <subfield code="y">23</subfield>
  </datafield>
  <datafield tag="852" ind1=" " ind2=" ">
   <subfield code="a">INST</subfield>
   <subfield code="b">UNIPILB</subfield>
   <subfield code="c">SERIALS</subfield>
   <subfield code="e">20050405</subfield>
   <subfield code="h">Αλφαβητική σειρά</subfield>
   <subfield code="p">42047</subfield>
   <subfield code="q">42047</subfield>
   <subfield code="t">NOLOAN</subfield>
   <subfield code="v">τεύχ.89:(Μήνες)Οκτ./Νοέμ./Δεκ.;(Έτος)2004</subfield>
   <subfield code="y">23</subfield>
  </datafield>
  <datafield tag="852" ind1=" " ind2=" ">
   <subfield code="a">INST</subfield>
   <subfield code="b">UNIPILB</subfield>
   <subfield code="c">SERIALS</subfield>
   <subfield code="e">20050405</subfield>
   <subfield code="h">Αλφαβητική σειρά</subfield>
   <subfield code="p">42049</subfield>
   <subfield code="q">42049</subfield>
   <subfield code="t">NOLOAN</subfield>
   <subfield code="v">τεύχ.90:(Μήνες)Ιαν./Φεβ./Μάρ.;(Έτος)2005</subfield>
   <subfield code="y">23</subfield>
  </datafield>
  <datafield tag="852" ind1=" " ind2=" ">
   <subfield code="a">INST</subfield>
   <subfield code="b">UNIPILB</subfield>
   <subfield code="c">SERIALS</subfield>
   <subfield code="e">20050427</subfield>
   <subfield code="h">Αλφαβητική σειρά</subfield>
   <subfield code="p">42839</subfield>
   <subfield code="q">42839</subfield>
   <subfield code="t">NOLOAN</subfield>
   <subfield code="v">τεύχ.91:(Μήνες)Απρ./Μάιος/Ιούν.;(Έτος)2005</subfield>
   <subfield code="y">23</subfield>
  </datafield>
  <datafield tag="900" ind1=" " ind2=" ">
   <subfield code="a">Τχ. 92 (Ιούλ./Αύγ./Σεπ. 2005)</subfield>
   <subfield code="b">Οφειλόμενο</subfield>
   <subfield code="c">04/07/2006</subfield>
  </datafield>
  <datafield tag="950" ind1=" " ind2=" ">
   <subfield code="a">01/01/2004</subfield>
   <subfield code="c">ΔΩΡΕΑ ΠΕΡΙΟΔΙΚΩΝ</subfield>
   <subfield code="d">342</subfield>
  </datafield>
  <datafield tag="951" ind1=" " ind2=" ">
   <subfield code="a">Τχ. 87 (Απρ./Μάιος/Ιούν. 2004) - Τχ. 91 (Απρ./Μάιος/Ιούν. 2005)</subfield>
   <subfield code="b">Main run</subfield>
  </datafield>
  <datafield tag="951" ind1=" " ind2=" ">
   <subfield code="a">Τχ.74(Ιαν./Μαρτ. 2001) -  (τχ.85(Οκτ./Δεκ. 2003)</subfield>
   <subfield code="b">Main run</subfield>
  </datafield>
  <datafield tag="951" ind1=" " ind2=" ">
   <subfield code="a">Τχ. 86  (Ιαν./Φεβ./Μάρ. 2004)</subfield>
   <subfield code="b">Main run</subfield>
  </datafield>
  <datafield tag="952" ind1=" " ind2=" ">
   <subfield code="a">(78-79)2002</subfield>
  </datafield>
 </record>
</collection>
